Self Healing Group Key Management Protocols / (Record no. 608153)

000 -LEADER
fixed length control field 00703nam a22001457a 4500
040 ## - CATALOGING SOURCE
Transcribing agency MCS (NUST)
082 ## - DEWEY DECIMAL CLASSIFICATION NUMBER
Classification number 005.8,SAE
100 ## - MAIN ENTRY--PERSONAL NAME
Personal name Saeed, Amna
9 (RLIN) 35002
245 ## - TITLE STATEMENT
Title Self Healing Group Key Management Protocols /
Statement of responsibility, etc. Amna Saeed
260 ## - PUBLICATION, DISTRIBUTION, ETC.
Place of publication, distribution, etc. Rawalpindi
Name of publisher, distributor, etc. MCS (NUST)
Date of publication, distribution, etc. Mar 2013
300 ## - PHYSICAL DESCRIPTION
Extent xiii,79 p,
505 ## - FORMATTED CONTENTS NOTE
Formatted contents note Introduction (Page-1), Group Key Management Protocols (Page-7), Analysis of Self Group Key Management Protocols (Page-29), Collusion and Rejoining Attack Problem in Self-Healing KGMP (Page-37), A Self-Healing GKMP for KLH with Resistance to Collusion and Rejoining attacks (Page-52), Conclusion and Future Works (Page-70).
650 ## - SUBJECT ADDED ENTRY--TOPICAL TERM
Topical term or geographic name entry element PG Thesis
9 (RLIN) 35000
942 ## - ADDED ENTRY ELEMENTS (KOHA)
Source of classification or shelving scheme
Koha item type Thesis
Call number prefix 005.8,SAE
Holdings
Withdrawn status Lost status Source of classification or shelving scheme Damaged status Not for loan Permanent Location Current Location Shelving location Date acquired Total Checkouts Full call number Barcode Date last seen Price effective from Koha item type Public note
          Military College of Signals (MCS) Military College of Signals (MCS) Thesis 02/26/2024   005.8,SAE MCSTIS-409 02/26/2024 02/26/2024 Thesis Only Hard Copy Available
© 2023 Central Library, National University of Sciences and Technology. All Rights Reserved.